COMPLETE DIGEST OF SUPREME COURT CASES S (Record no. 12002)

MARC details
000 -LEADER
fixed length control field 00369nam a2200145Ia 4500
008 - FIXED-LENGTH DATA ELEMENTS--GENERAL INFORMATION
fixed length control field 240624s9999 xx 000 0 und d
041 ## - LANGUAGE CODE
Language code of text/sound track or separate title eng
082 ## - DEWEY DECIMAL CLASSIFICATION NUMBER
Classification number 342 MAL
100 ## - MAIN ENTRY--PERSONAL NAME
Personal name MALIK SURENDRA
245 ## - TITLE STATEMENT
Title COMPLETE DIGEST OF SUPREME COURT CASES S
260 ## - PUBLICATION, DISTRIBUTION, ETC.
Date of publication, distribution, etc. 2008
Place of publication, distribution, etc. Lucknow
Name of publisher, distributor, etc. Eastern Book Company
300 ## - PHYSICAL DESCRIPTION
Extent 974 : p. : cm. ; 25
365 ## - TRADE PRICE
Currency code RS
Price amount 15
440 ## - SERIES STATEMENT/ADDED ENTRY--TITLE
Volume/sequential designation 6
Holdings
Withdrawn status Lost status Damaged status Not for loan Home library Current library Shelving location Date acquired Source of acquisition Cost, normal purchase price Total Holds Full call number Barcode Date last seen Copy number Price effective from Koha item type
        IMTN IMTN Rack 14-B 12/16/2008 SLH 9420.00 32767 342 MAL 12002 06/24/2024 1 06/24/2024 Books
Designed & Maintained by: LRC IMT Nagpur Contact: lrc@imtnag.ac.in© 2024. All Rights Reserved.